000 01066cam a2200205 4500
001 ABS66950
008 030901n2003 000 0 eng u
035 _a(Sirsi) u123445
245 _aTop 100 contractors and housebuilders
260 _c2003
490 _aBuilding
_v 25 July 2003, 45-65(15)
520 _aGives details of Building's annual league table of the top 100 UK contractors and house builders. Includes details of their total turnover and total pre-tax profit. With an introduction by Mark Leftly which points out that the pay of top directors in the industry has increased by 101% or £427 000 since 1995 compared with the average worker in construction who has seen a smaller expansion of 47% or up to £27 200 by last year in the same time period. Mentions that the directors themselves would argue that their pay reflects their market value.
590 _aABS
650 _aHOUSE BUILDING INDUSTRY
650 _aCONTRACTOR
650 _aTURNOVER
650 _aSALARY SURVEYS
690 _aBUILDING AND CONSTRUCTION-ECONOMICS
942 _n0
999 _c73319
_d73319